Retablo biográfico de montañeses ilustres / (Record no. 131504)

MARC details
000 -LEADER
campo de control de longitud fija 00651nam a2200217 4500
001 - NÚMERO DE CONTROL
campo de control 131504
003 - IDENTIFICADOR DE NÚMERO DE CONTROL
campo de control ES-MaACL
005 - FECHA Y HORA DE LA ÚLTIMA TRANSACCIÓN
campo de control 20231002131918.0
007 - CAMPO FIJO DE DESCRIPCIÓN FÍSICA--INFORMACIÓN GENERAL
campo de control de longitud fija t|
008 - DATOS DE LONGITUD FIJA--INFORMACIÓN GENERAL
campo de control de longitud fija 070214s1978 sp r ||||1| spa d
100 1# - ENTRADA PRINCIPAL--NOMBRE DE PERSONA
Nombre de persona Rodríguez Alcalde, Leopoldo.
9 (RLIN) 98327
245 10 - MENCIÓN DEL TÍTULO
Título Retablo biográfico de montañeses ilustres /
Mención de responsabilidad, etc. Leopoldo Rodríguez Alcalde.
250 ## - MENCION DE EDICION
Mención de edición 1ª. ed.
260 ## - PUBLICACIÓN, DISTRIBUCIÓN, ETC.
Lugar de publicación, distribución, etc. Santander :
Nombre del editor, distribuidor, etc. Estudio,
Fecha de publicación, distribución, etc. 1978.
300 ## - DESCRIPCIÓN FÍSICA
Extensión 283 p. :
Otras características físicas il. ;
Dimensiones 19 cm.
505 8# - NOTA DE CONTENIDO CON FORMATO
Nota de contenido con formato Contiene: Tomo I. Los escritores
852 ## - LOCALIZACIÓN
Ubicación ES-MaACL
Número de control de estantería A-8957
Sublocalización o colección R.98260
852 ## - LOCALIZACIÓN
Ubicación ES-MaACL
Número de control de estantería A-9337/Ej.1
Sublocalización o colección R.98887
942 ## - ELEMENTOS DE ENTRADA SECUNDARIOS (KOHA)
Fuente del sistema de clasificación o colocación Clasificación decimal universal
Holdings
Estatus retirado Estado de pérdida Fuente del sistema de clasificación o colocación Estado de daño No para préstamo Biblioteca de origen Biblioteca actual Ubicación en estantería Fecha de adquisición Total de préstamos Signatura topográfica completa Código de barras Visto por última vez Precio de reemplazo Tipo de ítem Koha Restricciones de uso
    Clasificación decimal universal     Biblioteca del Ateneo de Madrid Biblioteca del Ateneo de Madrid Depósito 1 17/01/2008   A-8957 1136903 23/02/2023 23/02/2023 Libro impreso  
    Clasificación decimal universal     Biblioteca del Ateneo de Madrid Biblioteca del Ateneo de Madrid Depósito 1 17/01/2008   A-9337/Ej.1 1136904 23/02/2023 23/02/2023 Libro impreso Duplicado